000 00508nam a2200169Ia 4500
003 GCL
008 140319s9999 xx 000 0 eng d
040 _aGCL /
_cGCL
082 0 4 _a025.322
_bN U
100 1 _aNETWORK DEVELOPMENT AND MARC STANDARD
245 1 0 _aU S MARC FORMAT FOR AUTHORITY /
_cNETWORK DEVELOPMENT AND MARC STANDARD
260 _a[S.N] :
_bLIBRARY OF CONGRESS ،
_c1995
650 0 4 _aCATALOGING
650 0 4 _aMARC FORMATS-U.S.A
650 0 4 _aAUTHORITY FILES CATALOGING
942 _2ddc
_cBK
999 _c15468
_d15468